Statistiques concernant Equipe de joueur NBA

Cliquez ici pour prendre le quiz!

Statistiques générales

  • Ce quiz a été pris 154 fois
  • Le résultat moyen est 30 sur 65

Statistiques - réponses

équipeJoueur% Correct
HeatLeBron James
98%
LakersLeBron James
96%
CavaliersLeBron James
95%
CavaliersLeBron James
91%
LakersSaquille O'neal
82%
WarriorsKevin Durant
76%
MagicSaquille O'neal
75%
SunsKevin Durant
75%
NetsKevin Durant
74%
RocketsJames Harden
74%
WarriorsWilt Chamberlain
74%
ClippersJames Harden
72%
NetsJames Harden
72%
ThunderKevin Durant
71%
76ersJames Harden
68%
ThunderJames Harden
68%
WarriorsChris paul
68%
CelticsSaquille O'neal
66%
HeatSaquille O'neal
65%
ClippersChris paul
63%
LakersWilt Chamberlain
62%
SunsChris paul
62%
SunsCharles Barkley
62%
NuggetsCarmelo Anthony
58%
SupersonicsKevin Durant
58%
CelticsRay Alen
57%
KnicksCarmelo Anthony
57%
RocketsChris paul
57%
HeatRay Alen
53%
ThunderChris paul
52%
76ersAllen Iverson
50%
CavaliersSaquille O'neal
50%
HornetsChris paul
50%
SunsSaquille O'neal
50%
76ersWilt Chamberlain
49%
SpursBoris Diaw
47%
LakersCarmelo Anthony
45%
76ersCharles Barkley
43%
LakersRobert Horry
38%
NuggetsAllen Iverson
36%
ThunderCarmelo Anthony
35%
BucksRay Alen
34%
SpursRobert Horry
30%
RocketsCharles Barkley
29%
SupersonicsRay Alen
29%
Trail blazersCarmelo Anthony
27%
RocketsCarmelo Anthony
26%
76ersMoses Malone
24%
SunsBoris Diaw
24%
RocketsRobert Horry
22%
76ersAllen Iverson
18%
PistonsAllen Iverson
17%
BobcatsBoris Diaw
14%
GrizzliesAllen Iverson
14%
HawksBoris Diaw
10%
JazzBoris Diaw
10%
RocketsMoses Malone
10%
SpursMoses Malone
10%
76ersMoses Malone
9%
SunsRobert Horry
8%
BucksMoses Malone
7%
HawksMoses Malone
7%
BulletsMoses Malone
5%
BravesMoses Malone
3%
JazzAllen Iverson
2%

Distribution des résultats

Percentile par nombre de réponses

% des personnes avec chaque résultat

Votre développement - résultats

Vous n’avez pas pris ce quiz